000 00787nam a2200217Ia 4500
003 Ost
005 20260507075341.0
008 260507s9999||||xx |||||||||||||| ||und||
040 _cfsecg
041 _aara
082 _a330
100 _aكروجمان، بال
_eمؤلف
245 0 _aمعتقد الدولة الرائج /
_c بال كروجمان
260 _aعمان:
_bدار الكتاب الحديث للنشر والتوزيع,
_c2009
300 _a187 صفحة؛
_bإيضاحات ؛
_c24 سم
520 _aعالم مجموع صفر-النظرية الاقتصادية-التكنولوجيا والمجتمع
653 _aالإقتصاد
653 _aالتكنولوجيا
700 _aالتل، نادر ادريس
_eمؤلف ثانوي
942 _cكتاب
999 _c44091
_d44091